01065nam a22002295i 4500001000700000003000900007005001700016008004100033080001700074245016200091260005200253300002000305490006900325500004300394600005600437700002900493700005100522830007700573852003900650999001900689952012700708176820ES-MaACL20251009181748.0110211s1958 sp |||| | spa d a929 Carlos V00aPliegos sueltos sobre el emperador Carlos Quinto b: (relaciones en verso) ; [prólogo de Ramón Carande ; noticia preliminar por Antonio Pérez Gómez]. aValencia : bLa fonte que mana y corre, c1958. a2 v. ; c18 cm.1 aDuque y marqués : opúsculos literarios rarísimos ; v12-13 aFacsímil de la port. de cada pliego.04aCarlos bI, cRey de España-xBiografías9352970 aCarande, Ramón.9349520 aPérez y Gómez, Antonio, d1902-19769912160 aDuque y marqués : opúsculos literarios rarísimos ; v12-139190262 aES-MaACLjE-14299-300 xOlim P-292 c176820d176820 00104070aATENEOMbATENEOMcDEPO2d2011-02-11eDONl0oE-14299-300p1185712r2023-02-23 00:00:00w2023-02-23yMONOGRAFIA